000 00699nas a22001937a 4500
999 _c121177
_d121177
001 K121177
007 ta
008 191213b2019 ||||| |||| 00| 0 eng d
041 _aeng
100 _aCharlwood, Ralph
245 _aIt's essential to get on the right track
260 _c2019
490 _aEstates Gazette
_v(1949) 7 December 2019, 46-47(2)
520 _aHelps APC candidates make the choice over which pathway is the correct one to choose. Urges candidates to ensure that there work experience will allow them fulfil the mandatory competencies required in their chosen pathway.
650 _aPathways
650 _aCompetencies
651 _aUnited Kingdom 1973
690 _96216
_aAPC